Statistiques concernant Les 88 constellations de la Voie lactée

Cliquez ici pour prendre le quiz!

Statistiques générales

  • Ce quiz a été pris 176 fois
  • Le résultat moyen est 40 sur 88

Statistiques - réponses

Réponse% Correct
La Grande Ourse
90%
Le Cancer
88%
Le Capricorne
88%
Le Lion
88%
Le Scorpion
88%
Les Gémeaux
88%
Le Taureau
85%
La Petite Ourse
84%
Le Bélier
84%
La Balance
82%
Le Sagittaire
82%
Le Verseau
81%
Les Poissons
80%
La Vierge
77%
Le Dragon
74%
Orion
72%
Andromède
70%
Cassiopée
70%
Le Cygne
61%
Pégase
61%
Le Grand Chien
58%
Hercule
55%
Le Serpent
53%
Le Loup
51%
Persée
50%
La Baleine
49%
L'Aigle
49%
Le Centaure
48%
La Croix du sud
47%
La Lyre
47%
Le Petit Chien
47%
Le Phénix
47%
Céphée
45%
La Licorne
45%
La Girafe
43%
Le Bouvier
43%
Le Triangle
43%
L'Hydre
43%
Le Corbeau
42%
Le Cocher
41%
Le Petit Lion
41%
Le Lynx
40%
La Dorade
39%
Les Voiles
38%
La Chevelure de Bérénice
36%
Le Paon
36%
La Grue
35%
Le Lièvre
35%
Le Toucan
35%
La Flèche
34%
L'Autel
34%
Le Dauphin
34%
Le Poisson austral
34%
La Carène
33%
La Mouche
33%
La Poupe
33%
Le Sextant
33%
La Colombe
32%
L'Hydre mâle
32%
La Boussole
31%
Le Compas
31%
Le Triangle austral
31%
Le Caméléon
30%
Le Petit Renard
30%
L'Eridan
30%
La Couronne boréale
28%
La Table
28%
Le Réticule
28%
La Coupe
27%
Le Lézard
27%
Le Petit Cheval
27%
Le Poisson volant
27%
La Couronne australe
26%
Le Burin
26%
Le Fourneau
26%
Le Microscope
26%
Les Chiens de chasse
25%
L'Indien
25%
L'Octant
25%
Ophiuchus
25%
Le Sculpteur
24%
La Règle
23%
La Machine pneumatique
22%
L'Horloge
22%
Le Peintre
20%
L'Oiseau de Paradis
20%
L'Ecu de Sobieski
19%
Le Télescope
19%

Distribution des résultats

Percentile par nombre de réponses

% des personnes avec chaque résultat

Votre développement - résultats

Vous n’avez pas pris ce quiz